| 000 | 00659nac a22001931u 4500 | ||
|---|---|---|---|
| 010 | _a 79392214 | ||
| 020 | _a0853340056 | ||
| 082 | 0 | 0 |
_a621.56 _bREE |
| 090 |
_c9093 _d9093 |
||
| 100 | _aReed, G. H. | ||
| 245 | 1 | 0 |
_aRefrigeration: a practical manual for apprentices / _cby G. H. Reed. |
| 260 |
_aLondon, _bMaclaren,C.1967. _cC.1967. |
||
| 300 |
_ax, 131 p. _billus. _c22 cm. |
||
| 500 | _aWith answers to test questions. | ||
| 500 | _aDistributer: Al-Ahram. | ||
| 511 | _aCatalogued By: Mahitab. | ||
| 650 | 0 |
_aRefrigeration and refrigerating machinery _xMaintenance and repair. |
|
| 942 |
_cBB _k621.56REE |
||
| 999 |
_c9093 _d9093 |
||